=LDR 00000nam 2200000 4500 =001 INLIS000000000005453 =005 20200226012917 =035 ##$$a 0010-061300000005453 =008 200226################g##########0#ind## =041 ##$$a Ind =082 ##$$a 155.633 =090 ##$$a 115.27, Kar p =100 ##$$a Kartono, Kartini =245 1#$$a Psikologi wanita 1 : $b Mengenal gadis remaja dan wanita dewasa /$c DR. Kartini Kartono =260 ##$$a Bandung :$b Mandar Maju,$c 2006 =300 ##$$a xvi, 304 Hlm ; $c 21 x 14 cm. =650 #4$$a Psikologi Wanita =850 ##$$a NBPNMAT =084 ##$$a 155.633 KAR p =020 ##$$a 979-538-034-6 =250 ##$$a Cet. vi =990 ##$$a 20903121 =990 ##$$a 20903127 =990 ##$$a 20903124 =990 ##$$a 20903125